000 00897nam a2200241 a 4500
001 72166
003 BD-RjUL
005 20211209082223.0
008 170514s1971 bg |||| |||| 000 0 ben d
020 _c: Tk.6.50
035 _a(BD-RjUL)72382
040 _aBD-RjUL
_bben
_cBD-RjUL
_dBD-RjUL
041 _aben
082 _223
_a954.9205
_bHAE 1971
100 _aহক, গাজীউল
_9164120
245 1 0 _aএবারের সংগ্রাম স্বাধীনতার সংগ্রাম /
_cগাজীউল হক
250 _aবাং সং .
260 _aঢাকা :
_bপুঁথি প্রকাশনী,
_c১৯৭১ [১৩৭৮]
300 _a১৫০ পৃ. :
_c১৯ সেমি.
650 _aমুক্তিযুদ্ধ
_zবাংলাদেশ
_9164121
650 _aLiberation War
_zBangladesh
_9164122
942 _2ddc
_cBK
999 _c72166
_d72166